How to write and publish a scientific paper

Bibliographic Details
Main Authors: Day, Robert A. , 1924- (Author), Gastel, Barbara (Author)
Format: Book
Language:English
Published: Cambridge : Cambridge University Press , c2012
Edition:7th ed
Subjects:

MARC

LEADER 00000cam a2200000 7i4500
001 0000083021
005 20160906093000.0
008 130516s2012 enk eng
020 |a 1107670748 (paperback : alk. paper) 
020 |a 9781107670747 (paperback : alk. paper) 
050 0 0 |a T11   |b .D39 2012 
090 0 0 |a T11   |b .D39 2012 
100 1 |a Day, Robert A. ,   |d 1924- ,   |e author 
245 1 0 |a How to write and publish a scientific paper   |c Robert A. Day, Barbara Gastel 
250 |a 7th ed 
260 |a Cambridge :   |b Cambridge University Press ,   |c c2012 
300 |a xxi, 300 p. :   |b ill. ;   |c 23 cm. 
504 |a Includes bibliographical references and index 
505 0 |a 1. Some preliminaries -- 2. Preparing the text -- 3. Preparing the tables and figures -- 4. Publishing the paper -- 5. Doing other writing for publication -- 6. Conference communications -- 7. Scientific style -- 8. Other topics in scientific communication 
650 0 |a Technical writing 
700 1 |a Gastel, Barbara ,   |e author 
999 |a 1000157859   |b Book   |c OPEN SHELF (30 DAYS)   |e Gong Badak Campus